00350nam a2200133Ia 4500003000400000005001700004008004100021040000900062082001500071100002300086245005500109260004000164650001200204OSt20200702112646.0190216s9999||||xx |||||||||||||| ||und|| coclc a934bSEN/E aSengupta, Padmini  0aEveryday Life In Ancient India /cPadmini Sengupta bOxford University Press,aNew York: aHistory